Ireland 2019 Rugby World Cup Squad - Statistics

General Stats
  • This quiz has been taken 70 times
  • The average score is 21 of 33
Answer Stats
Position Player % Correct
Fly-half Jonathan Sexton
96%
Scrum-half Conor Murray
92%
Hooker Rory Best
92%
Centre Bundee Aki
90%
Prop Tadhg Furlong
90%
Centre Garry Ringrose
88%
Centre Robbie Henshaw
85%
Back row Peter O'Mahony
83%
Prop Andrew Porter
81%
Prop Cian Healy
81%
Lock James Ryan
81%
Prop John Ryan
79%
Wing Keith Earls
79%
Fullback Rob Kearney
79%
Wing Jacob Stockdale
77%
Back row Josh van der Flier
77%
Back row CJ Stander
67%
Lock Tadhg Beirne
67%
Lock Iain Henderson
62%
Hooker Rob Herring
60%
Back row Jack Conan
58%
Fly-half Joey Carbery
58%
Wing Andrew Conway
52%
Prop Dave Kilcoyne
48%
Fly-half Jack Carty
46%
Fullback Jordan Larmour
46%
Scrum-half Luke McGrath
40%
Hooker Seán Cronin
37%
Centre Chris Farrell
25%
Lock Jean Kleyn
25%
Hooker Niall Scannell
25%
Back row Jordi Murphy
21%
Back row Rhys Ruddock
17%
No matching quizzes found
Score Distribution
Percent of People with Each Score
Percentile by Number Answered
Your Score History
You have not taken this quiz